[Event "Ch NRW"]
[Site "masterchessopen.com Cologne (Germany)"]
[Round "2"]
[White "Pragua Christoph (GER)"]
[Black "Just Stefan (GER)"]
[Result "1/2-1/2"]
[WhiteElo "2104"]
[BlackElo "2203"]

1.Nf3 Nf6 2.d4 g6 3.c4 Bg7 4.Nc3 O-O 5.g3 c5 6.Bg2 d6 7.O-O Nc6 8.d5 Na5 9.Nd2
a6 10.Qc2 Rb8 11.b3 b5 12.Bb2 bxc4 13.bxc4 Bd7 14.Rae1 Qc7 15.Nd1 e6 16.dxe6
{#d} 1/2-1/2

[Event "It (open)"]
[Site "masterchessopen.com Hallsberg (Sweden)"]
[Round "0"]
[White "Carlsson Daniel (SWE)"]
[Black "Roberts Paul (SCO)"]
[Result "1/2-1/2"]
[WhiteElo "2289"]
[BlackElo "2222"]

1.d4 Nf6 2.c4 g6 3.Nc3 Bg7 4.g3 d6 5.Bg2 O-O 6.Nf3 c5 7.O-O Nc6 8.d5 Na5 9.Nd2
a6 10.Rb1 Bf5 11.e4 Bg4 12.Qc2 Rb8 13.a3 Qc7 14.Re1 e5 15.Qd3 b5 16.cxb5 c4
17.Qe3 axb5 18.b4 cxb3 19.Nxb3 Rfc8 20.Nxa5 {#d} 1/2-1/2

[Event "Ch Czech Chess Union"]
[Site "masterchessopen.com Prague (Czech Republic)"]
[Round "2"]
[White "Jirovsky Milos (CZE)"]
[Black "Michalek Jan (CZE)"]
[Result "1/2-1/2"]
[WhiteElo "2310"]
[BlackElo "2332"]

1.d4 Nf6 2.Nf3 g6 3.g3 Bg7 4.Bg2 O-O 5.O-O d6 6.c4 c5 7.Nc3 Nc6 8.d5 Na5 9.Nd2
e5 10.Qc2 Ng4 11.h3 Nh6 12.b3 f5 13.Bb2 f4 14.Nce4 b6 15.Nf3 Bf5 16.g4 Bxe4
17.Qxe4 a6 18.Bc3 Nb7 19.a4 a5 20.Rae1 g5 21.Nd2 Qd7 22.Qd3 Bf6 23.Be4 Kh8
24.Qf3 Rg8 {#d} 1/2-1/2

[Event "It \"]
[Site "masterchessopen.com Prague (Czech Republic)"]
[Round "0"]
[White "Eretova Kveta (CZE)"]
[Black "Kubikova Hana (CZE)"]
[Result "1/2-1/2"]
[WhiteElo "2104"]
[BlackElo "2159"]

1.d4 Nf6 2.Nf3 g6 3.g3 Bg7 4.Bg2 c5 5.c4 O-O 6.Nc3 d6 7.O-O Nc6 8.d5 Na5 9.Nd2
Rb8 10.Qc2 a6 11.b3 b5 {#d} 1/2-1/2

[Event "Staatsliga B"]
[Site "masterchessopen.com Austria"]
[Round "0"]
[White "Hirsch Johann (AUT)"]
[Black "Baumegger Siegfried (AUT)"]
[Result "1-0"]
[WhiteElo "1965"]
[BlackElo "2419"]

1.Nf3 d6 2.d4 Nf6 3.c4 g6 4.g3 Bg7 5.Bg2 O-O 6.O-O c5 7.Nc3 Nc6 8.d5 Na5 9.Nd2
a6 10.Qc2 Rb8 11.b3 b5 12.Bb2 e5 13.Rae1 bxc4 14.bxc4 Nd7 15.f4 Nb6 16.Nd1 Qe8
17.Ba1 Qa4 18.Qxa4 {#r} 1-0

[Event "Tournament"]
[Site "masterchessopen.com Cuba"]
[Round "0"]
[White "Andres Miguel (CUB)"]
[Black "Hedman Senarega Jose A (CUB)"]
[Result "1/2-1/2"]
[WhiteElo "2383"]
[BlackElo "2202"]

1.c4 c5 2.Nf3 Nf6 3.g3 g6 4.Bg2 Bg7 5.O-O O-O 6.Nc3 Nc6 7.d4 d6 8.d5 Na5 9.Nd2
a6 10.Rb1 Rb8 11.b3 b5 12.Qc2 bxc4 13.bxc4 Rxb1 14.Ncxb1 {#d} 1/2-1/2

[Event "Ch Yugoslavia"]
[Site "masterchessopen.com Kladovo (Yugoslavia)"]
[Round "8"]
[White "Gulicovski Klimentije (SRB)"]
[Black "Radovanovic Jovica (SRB)"]
[Result "0-1"]
[WhiteElo "2186"]
[BlackElo "2320"]

1.c4 Nf6 2.Nc3 g6 3.g3 Bg7 4.Bg2 O-O 5.Nf3 d6 6.O-O c5 7.d4 Nc6 8.d5 Na5 9.Qd3
a6 10.Rb1 b5 11.cxb5 axb5 12.b4 cxb4 13.Rxb4 Nb7 14.Nxb5 Nc5 15.Qb1 Na6 16.Rh4
Bf5 17.e4 Bd7 18.Bh6 Bxh6 19.Rxh6 Rb8 20.Nfd4 Qb6 21.a4 Nc5 22.Bh3 Be8 23.Rh4
{#R} 0-1

[Event "It (open)"]
[Site "masterchessopen.com Split (Croatia)"]
[Round "0"]
[White "Boto Zeljko (CRO)"]
[Black "Leventic Ivan (CRO)"]
[Result "1/2-1/2"]
[WhiteElo "2290"]
[BlackElo "2468"]

1.d4 Nf6 2.Nf3 g6 3.c4 Bg7 4.g3 O-O 5.Bg2 d6 6.O-O c5 7.Nc3 Nc6 8.d5 Na5 9.Nd2
e5 10.dxe6 Bxe6 11.Qa4 Nc6 12.Bxc6 bxc6 13.Qxc6 Rc8 14.Qa6 d5 15.cxd5 Nxd5
16.Nde4 Nxc3 17.Nxc3 Qe7 18.e4 Bxc3 19.bxc3 Qf6 20.Qe2 Qxc3 21.Bb2 Bc4 22.Bxc3
Bxe2 23.Rfe1 Bd3 {#d} 1/2-1/2

[Event "It (open)"]
[Site "masterchessopen.com Tortosa (Spain)"]
[Round "7"]
[White "Markotic Gordan (CRO)"]
[Black "Garbarino Rodolfo (ARG)"]
[Result "1/2-1/2"]
[WhiteElo "2287"]
[BlackElo "2339"]

1.Nf3 Nf6 2.g3 c5 3.Bg2 g6 4.O-O Bg7 5.c4 O-O 6.Nc3 Nc6 7.d4 d6 8.d5 Na5 9.Nd2
a6 10.Rb1 Rb8 {#d} 1/2-1/2

[Event "Ch Oberschwaben (b)"]
[Site "masterchessopen.com Baden-Wuerttemberg (Germany)"]
[Round "7"]
[White "Kaes Martin (GER)"]
[Black "Over Klaus (GER)"]
[Result "1-0"]
[WhiteElo "2040"]
[BlackElo "2081"]

1.d4 Nf6 2.c4 g6 3.Nc3 Bg7 4.Nf3 O-O 5.g3 d6 6.Bg2 c5 7.O-O Nc6 8.d5 Na5 9.Nd2
Rb8 10.Qc2 a6 11.a3 b5 12.cxb5 axb5 13.b4 cxb4 14.axb4 Nc4 15.Nxc4 bxc4 16.Rb1
Bf5 17.e4 Bd7 18.Ne2 Nxd5 19.exd5 Bf5 20.Be4 {#r} 1-0

[Event "It (open) \"]
[Site "masterchessopen.com Buenos Aires (Argentina)"]
[Round "5"]
[White "Devcic Marcos (ARG)"]
[Black "Filgueira Hernan (ARG)"]
[Result "1/2-1/2"]
[WhiteElo "2305"]
[BlackElo "2310"]

1.d4 Nf6 2.c4 g6 3.Nc3 Bg7 4.Nf3 O-O 5.g3 d6 6.Bg2 c5 7.O-O Nc6 8.d5 Na5 9.Nd2
e5 10.Qc2 Ng4 11.a3 b6 12.b4 Nb7 13.Nde4 Qe7 {#d} 1/2-1/2

[Event "Ch Finland (team) 1993/94"]
[Site "masterchessopen.com Finland"]
[Round "1"]
[White "Salo Tapio (FIN)"]
[Black "Manninen Marko (FIN)"]
[Result "1/2-1/2"]
[WhiteElo "2287"]
[BlackElo "2377"]

1.Nf3 Nf6 2.c4 g6 3.g3 Bg7 4.Bg2 O-O 5.O-O c5 6.d4 d6 7.Nc3 Nc6 8.d5 Na5 9.Nd2
a6 10.Qc2 Rb8 11.b3 b5 12.Bb2 Bh6 13.f4 bxc4 14.bxc4 e5 15.dxe6 Bxe6 16.Nd5
Ne8 17.Rab1 Nc6 18.Ba1 Nb4 19.Qa4 Bxd5 20.cxd5 Nc7 21.e4 Qe8 {#d} 1/2-1/2

[Event "It (open)"]
[Site "masterchessopen.com Kassel (Germany)"]
[Round "0"]
[White "Krallmann Matthias (GER)"]
[Black "Sawatzki Frank (GER)"]
[Result "1/2-1/2"]
[WhiteElo "2252"]
[BlackElo "2333"]

1.d4 Nf6 2.c4 g6 3.g3 Bg7 4.Bg2 O-O 5.Nc3 d6 6.Nf3 c5 7.O-O Nc6 8.d5 Na5 9.Nd2
a6 10.Qc2 Rb8 11.b3 b5 12.Bb2 Bh6 13.f4 bxc4 14.bxc4 e5 15.dxe6 Bxe6 16.Nd5
{#d} 1/2-1/2

[Event "Tournament (team)"]
[Site "masterchessopen.com Palma de Majorca (Spain)"]
[Round "5"]
[White "Mora Manez Julio (ESP)"]
[Black "Palacios Perez Manuel (ESP)"]
[Result "0-1"]
[WhiteElo "2025"]
[BlackElo "2192"]

1.d4 Nf6 2.Nf3 g6 3.c4 Bg7 4.Nc3 d6 5.g3 O-O 6.Bg2 c5 7.O-O Nc6 8.d5 Na5 9.Qd3
a6 10.Rb1 b5 11.Nd2 bxc4 12.Nxc4 Nxc4 13.Qxc4 Ng4 14.h3 Ne5 15.Qh4 Rb8 16.Bh6
Rb4 17.f4 Nc4 18.a3 Rxb2 19.Rxb2 Nxb2 20.Ne4 Bxh6 21.Qxh6 f6 22.g4 Nc4 23.f5
gxf5 24.gxf5 Rf7 25.Ng3 Qf8 26.Qc1 Qg7 {#R} 0-1

[Event "It (open)"]
[Site "masterchessopen.com Philadelphia (USA)"]
[Round "0"]
[White "Rind Bruce (USA)"]
[Black "Castaneda Alberto (MEX)"]
[Result "1-0"]
[WhiteElo "2335"]
[BlackElo "2245"]

1.c4 Nf6 2.Nf3 g6 3.Nc3 Bg7 4.d4 d6 5.g3 O-O 6.Bg2 c5 7.O-O Nc6 8.d5 Na5 9.Nd2
a6 10.Qc2 Rb8 11.b3 b5 12.Bb2 bxc4 13.bxc4 e6 14.Rab1 Bh6 15.f4 e5 16.Nd1 Nh5
17.e3 Bf5 18.Be4 Bh3 19.Re1 exf4 20.gxf4 Re8 21.Nf2 Bd7 22.Bf3 Ng7 23.Nde4 Bf5
24.Qc3 Rxe4 25.Bxe4 Bd7 26.Bd3 Rb4 {#r} 1-0

[Event "Ch Spain (team)"]
[Site "masterchessopen.com Spain"]
[Round "0"]
[White "Cacho Reigadas Sergio (ESP)"]
[Black "Palacios Perez Manuel (ESP)"]
[Result "1-0"]
[WhiteElo "2360"]
[BlackElo "2192"]

1.Nf3 Nf6 2.c4 g6 3.g3 Bg7 4.Bg2 O-O 5.O-O d6 6.d4 c5 7.Nc3 Nc6 8.d5 Na5 9.Nd2
a6 10.Qc2 Rb8 11.b3 b5 12.Bb2 Bh6 13.f4 bxc4 14.bxc4 e5 15.dxe6 Bxe6 16.Nd5
Rxb2 17.Qxb2 Bg7 18.Qc1 Ng4 19.Rb1 Re8 20.Bf3 Bd4+ 21.Kh1 Bxd5 22.cxd5 Ne3
23.Re1 c4 24.Ne4 Nxd5 25.Rd1 {#r} 1-0

[Event "Ch Spain (team)"]
[Site "masterchessopen.com Spain"]
[Round "0"]
[White "Clemente A"]
[Black "Palacios Perez Manuel (ESP)"]
[Result "0-1"]
[WhiteElo "2200"]
[BlackElo "2192"]

1.d4 Nf6 2.c4 g6 3.Nf3 Bg7 4.g3 O-O 5.Bg2 d6 6.O-O c5 7.Nc3 Nc6 8.d5 Na5 9.Nd2
a6 10.Qc2 Rb8 11.b3 b5 12.Bb2 Bh6 13.f4 bxc4 14.bxc4 e5 15.dxe6 Bxe6 16.Nd5
Rxb2 17.Qxb2 Bg7 18.Qc1 Ng4 19.Rb1 Re8 20.Nb3 Nxb3 21.Rxb3 Bxd5 22.Bxd5 Rxe2
23.Rd1 Qe8 24.Rbd3 Bb2 25.Qb1 Bd4+ {#R} 0-1

[Event "Ch Hungary (team) 1993/94"]
[Site "masterchessopen.com Hungary"]
[Round "0"]
[White "Deak Sandor (HUN)"]
[Black "Szuk Balazs (HUN)"]
[Result "0-1"]
[WhiteElo "2299"]
[BlackElo "2335"]

1.d4 Nf6 2.c4 g6 3.g3 Bg7 4.Bg2 O-O 5.Nc3 d6 6.Nf3 c5 7.O-O Nc6 8.d5 Na5 9.Nd2
a6 10.Qc2 Rb8 11.b3 b5 12.Bb2 Bh6 13.f4 bxc4 14.bxc4 e5 15.Rab1 exf4 16.gxf4
Re8 17.Nce4 Nxe4 18.Nxe4 Bf5 19.Ba1 Rxb1 20.Qxb1 Bxe4 21.Bxe4 Bxf4 22.Bd3 Qg5+
23.Kh1 Qh4 24.Rxf4 Qxf4 {#R} 0-1

[Event "Memorial V.Syre (open)"]
[Site "masterchessopen.com Issy Les Moulineaux (France)"]
[Round "6"]
[White "Sahetchian Armand (FRA)"]
[Black "Douchamps C"]
[Result "1-0"]
[WhiteElo "2153"]
[BlackElo "1790"]

1.c4 Nf6 2.Nc3 g6 3.g3 Bg7 4.Bg2 c5 5.Nf3 Nc6 6.O-O O-O 7.d4 d6 8.d5 Na5 9.Qd3
a6 10.e4 b5 11.e5 Bf5 12.Qe2 Ng4 13.exd6 exd6 14.Nh4 Re8 15.Qd1 Nxc4 16.Nxf5
gxf5 17.Qc2 Qf6 18.h4 h5 19.Bg5 Qg6 20.Rab1 Nce5 21.f3 Nf6 22.Bh3 Nfg4 23.fxg4
fxg4 24.Qxg6 fxg6 25.Bg2 c4 26.Ne4 {#r} 1-0

[Event "It (open)"]
[Site "masterchessopen.com Ljubljana (Slovenia)"]
[Round "5"]
[White "Bukal Vladimir (CRO)"]
[Black "Jeras Stane (SLO)"]
[Result "1/2-1/2"]
[WhiteElo "2405"]
[BlackElo "2124"]

1.c4 Nf6 2.Nc3 g6 3.g3 Bg7 4.Bg2 O-O 5.d4 d6 6.Nf3 c5 7.O-O Nc6 8.d5 Na5 9.Nd2
a6 10.Qc2 Rb8 11.b3 b5 12.Bb2 bxc4 13.bxc4 Bh6 14.f4 e5 15.Rae1 exf4 16.gxf4
Nh5 17.e3 Bg7 18.Nd1 Bf5 19.Be4 Bxb2 20.Nxb2 Qf6 21.Nd3 Rfe8 22.Bxf5 Qxf5
23.e4 Qg4+ 24.Kh1 {#d} 1/2-1/2

[Event "Ch Austria (juniors) (under 20)"]
[Site "masterchessopen.com Oberwart (Austria)"]
[Round "0"]
[White "Tschurl Martin (AUT)"]
[Black "Genser Harald (AUT)"]
[Result "1/2-1/2"]
[WhiteElo "2041"]
[BlackElo "2291"]

1.c4 Nf6 2.Nc3 g6 3.Nf3 Bg7 4.g3 O-O 5.Bg2 d6 6.O-O c5 7.d4 Nc6 8.d5 Na5 9.Nd2
a6 10.e4 Rb8 11.Qe2 e5 12.f4 Ne8 13.f5 Bh6 14.h4 Qf6 15.g4 Bf4 16.Nf3 Bxc1
17.Raxc1 Qg7 18.Bh3 f6 {#d} 1/2-1/2

[Event "It (open)"]
[Site "masterchessopen.com Sala (Slovakia)"]
[Round "0"]
[White "Sergeev Vladimir (UKR)"]
[Black "Valach Boris (SVK)"]
[Result "1-0"]
[WhiteElo "2435"]
[BlackElo "2075"]

1.Nf3 Nf6 2.g3 g6 3.Bg2 Bg7 4.c4 O-O 5.Nc3 c5 6.d4 d6 7.O-O Nc6 8.d5 Na5 9.Nd2
e5 10.e4 h5 11.a3 Qc7 12.b4 cxb4 13.Nb5 Qb6 14.axb4 Nxc4 15.Nxc4 Qxb5 16.Nxd6
Qxb4 17.Ba3 Qd4 18.Qb3 Bd7 19.Bb2 Qd2 20.Bc1 Qe2 21.Bf3 Ba4 22.Rxa4 {#r} 1-0

[Event "It (open)"]
[Site "masterchessopen.com Sala (Slovakia)"]
[Round "0"]
[White "Tibensky Robert (SVK)"]
[Black "Balogh Tomas (SVK)"]
[Result "1/2-1/2"]
[WhiteElo "2440"]
[BlackElo "2270"]

1.d4 Nf6 2.c4 g6 3.g3 Bg7 4.Bg2 O-O 5.Nc3 d6 6.Nf3 c5 7.O-O Nc6 8.d5 Na5 9.Nd2
a6 10.Qc2 Rb8 11.a3 b5 12.cxb5 axb5 13.b4 cxb4 14.axb4 Nc4 15.Nxc4 bxc4 16.Rb1
Qc7 17.e4 Bd7 18.Rd1 Ng4 19.Bd2 Ne5 20.Ne2 Rb7 21.Bc3 {#d} 1/2-1/2

[Event "Cup European Club"]
[Site "masterchessopen.com Strasbourg (France)"]
[Round "0"]
[White "Antunes Antonio (POR)"]
[Black "Trevelman J"]
[Result "1-0"]
[WhiteElo "2510"]
[BlackElo "2200"]

1.Nf3 Nf6 2.c4 g6 3.g3 Bg7 4.Bg2 O-O 5.O-O d6 6.d4 c5 7.Nc3 Nc6 8.d5 Na5 9.Nd2
a6 10.Qc2 b5 11.b3 Rb8 12.Bb2 e5 13.dxe6 Bxe6 14.cxb5 axb5 15.Rad1 d5 16.Nde4
Bf5 17.Nxd5 Nxd5 18.Bxg7 Kxg7 19.Qb2+ Kh6 20.Nxc5 Be6 21.Bxd5 Bxd5 22.e4 {#r}
1-0

[Event "It (open)"]
[Site "masterchessopen.com Badenweiler (Germany)"]
[Round "7"]
[White "Gross Markus (GER)"]
[Black "Rech Matthias (GER)"]
[Result "1/2-1/2"]
[WhiteElo "2046"]
[BlackElo "2050"]

1.c4 Nf6 2.Nf3 g6 3.g3 Bg7 4.Bg2 O-O 5.O-O c5 6.Nc3 Nc6 7.d4 d6 8.d5 Na5 9.Nd2
a6 10.h3 Rb8 11.a4 Bd7 12.e4 b5 13.axb5 axb5 14.cxb5 Bxb5 15.Nxb5 Rxb5 16.Qa4
Qb6 17.Ra3 Rb8 18.Re1 Nb3 19.Nxb3 Rxb3 20.Rxb3 Qxb3 21.Qxb3 Rxb3 22.e5 dxe5
23.Rxe5 Kf8 24.Re3 {#d} 1/2-1/2

[Event "It (open)"]
[Site "masterchessopen.com Benasque (Spain)"]
[Round "6"]
[White "Bernal Moro Luis Javier (ESP)"]
[Black "Garriga Nualart Josep (ESP)"]
[Result "1-0"]
[WhiteElo "2400"]
[BlackElo "2360"]

1.d4 Nf6 2.c4 g6 3.g3 Bg7 4.Bg2 O-O 5.Nc3 d6 6.Nf3 c5 7.O-O Nc6 8.d5 Na5 9.Nd2
a6 10.Qc2 Rb8 11.b3 b5 12.Rb1 e5 13.e4 Nh5 14.cxb5 axb5 15.b4 cxb4 16.Rxb4 Ba6
17.Qb1 Qe8 18.Re1 Bh6 19.Bf1 Bxd2 20.Bxd2 Nc4 21.Bh6 Ng7 22.Qc1 Qd7 23.a4 Rfc8
24.axb5 Bxb5 25.Nxb5 {#r} 1-0

[Event "It \"]
[Site "masterchessopen.com Budapest (Hungary)"]
[Round "2"]
[White "Gross Stefan (CZE)"]
[Black "Bilek Istvan (HUN)"]
[Result "1/2-1/2"]
[WhiteElo "2350"]
[BlackElo "2405"]

1.c4 c5 2.Nf3 Nf6 3.g3 g6 4.Bg2 Bg7 5.O-O O-O 6.d4 d6 7.Nc3 Nc6 8.d5 Na5 9.Nd2
a6 10.Rb1 Rb8 11.Qc2 b5 12.b3 {#d} 1/2-1/2

[Event "It (open)"]
[Site "masterchessopen.com Goetzis (Austria)"]
[Round "4"]
[White "Bezler Rainer (AUT)"]
[Black "Vreugdenhil Frans (NED)"]
[Result "1-0"]
[WhiteElo "2218"]
[BlackElo "2042"]

1.d4 Nf6 2.c4 g6 3.Nc3 Bg7 4.Nf3 O-O 5.g3 d6 6.Bg2 c5 7.O-O Nc6 8.d5 Na5 9.Nd2
a6 10.Qc2 Rb8 11.b3 Bd7 12.Bb2 b5 13.h3 Bh6 14.f4 e5 15.Nce4 Nxe4 16.Nxe4 bxc4
17.fxe5 Be3+ 18.Kh2 cxb3 19.axb3 Nxb3 20.Nf6+ Kg7 21.Nxd7 {#r} 1-0

[Event "It \"]
[Site "masterchessopen.com Philadelphia (USA)"]
[Round "8"]
[White "Greanias Steve (USA)"]
[Black "Davin Patrick (USA)"]
[Result "1-0"]
[WhiteElo "2265"]
[BlackElo "2200"]

1.c4 Nf6 2.g3 c5 3.Bg2 g6 4.Nf3 Bg7 5.O-O O-O 6.Nc3 Nc6 7.d4 d6 8.d5 Na5 9.Nd2
a6 10.Qc2 b5 11.b3 Rb8 12.Rb1 Re8 13.Bb2 bxc4 14.bxc4 Bh6 15.f4 e5 16.dxe6
Bxe6 17.Nce4 Bg7 18.Bxf6 Bxf6 19.Rxb8 Bd4+ 20.e3 Bxe3+ 21.Kh1 Qxb8 22.Nf6+ Kf8
23.Nxe8 Bxd2 24.Nf6 Qb4 25.Nd5 Bxd5 26.Bxd5 {#r} 1-0

[Event "It (open)"]
[Site "masterchessopen.com Aschach (Austria)"]
[Round "0"]
[White "Steinbrecher Markus (AUT)"]
[Black "Honegger Rudolf (SUI)"]
[Result "1/2-1/2"]
[WhiteElo "2080"]
[BlackElo "1896"]

1.c4 g6 2.Nf3 Bg7 3.g3 d6 4.Bg2 Nf6 5.O-O O-O 6.Nc3 c5 7.d4 Nc6 8.d5 Na5 9.Qd3
Rb8 10.Rb1 b6 11.e4 a6 12.Bd2 b5 13.b3 Bd7 14.h3 b4 15.Ne2 Nb7 16.Nh4 Bc8
17.f4 Nd7 18.Nf3 Qe8 19.Nh2 a5 20.Bc1 Nd8 21.Bb2 f6 {#d} 1/2-1/2

[Event "Ch Hungary (team) 1995/96"]
[Site "masterchessopen.com Hungary"]
[Round "10"]
[White "Bilek Istvan (HUN)"]
[Black "Schneider Attila (HUN)"]
[Result "1/2-1/2"]
[WhiteElo "2380"]
[BlackElo "2400"]

1.Nf3 Nf6 2.g3 g6 3.Bg2 Bg7 4.O-O O-O 5.d4 d6 6.c4 c5 7.Nc3 Nc6 8.d5 Na5 9.Nd2
e5 10.e4 Ng4 11.a3 b6 12.b4 {#d} 1/2-1/2

[Event "Ch Hungary (team) 1996/97 (2 liga)"]
[Site "masterchessopen.com Hungary"]
[Round "3"]
[White "Filep Tibor (HUN)"]
[Black "Nagy Janos (HUN)"]
[Result "1/2-1/2"]
[WhiteElo "2216"]
[BlackElo "2295"]

1.Nf3 g6 2.g3 Bg7 3.Bg2 d6 4.d4 Nf6 5.O-O O-O 6.c4 c5 7.Nc3 Nc6 8.d5 Na5 9.Nd2
e6 10.Qc2 exd5 11.cxd5 Bd7 12.b3 b5 {#d} 1/2-1/2

[Event "Ch Russia (juniors) (under 16) (g)"]
[Site "masterchessopen.com Kaluga (Russia)"]
[Round "8"]
[White "Andreeva Nataliya (RUS)"]
[Black "Belaja Nastja (RUS)"]
[Result "1-0"]
[WhiteElo "2130"]
[BlackElo "2121"]

1.d4 Nf6 2.Nf3 g6 3.g3 Bg7 4.Bg2 O-O 5.O-O d6 6.c4 c5 7.Nc3 Nc6 8.d5 Na5 9.Nd2
a6 10.Qc2 Rb8 11.b3 b5 12.Bb2 bxc4 13.bxc4 Bh6 14.f4 e5 15.dxe6 Bxe6 16.Nd5
Ng4 17.Qc3 Bxd5 18.Qh8# 1-0

[Event "It"]
[Site "masterchessopen.com Fencible (New Zealand)"]
[Round "9"]
[White "Small Vernon A (NZL)"]
[Black "McLaren Leonard (NZL)"]
[Result "1/2-1/2"]
[WhiteElo "2335"]
[BlackElo "2250"]

1.Nf3 Nf6 2.c4 g6 3.Nc3 Bg7 4.g3 O-O 5.Bg2 c5 6.d4 d6 7.O-O Nc6 8.d5 Na5 9.Nd2
Rb8 10.Qc2 a6 11.b3 e5 12.dxe6 Bxe6 13.Bb2 Nc6 14.Nf3 Qe7 {#d} 1/2-1/2

[Event "Ch Finland (team) 1997/98"]
[Site "masterchessopen.com Finland"]
[Round "2"]
[White "Salo Tapio (FIN)"]
[Black "Molander Riku (FIN)"]
[Result "1/2-1/2"]
[WhiteElo "2325"]
[BlackElo "2170"]

1.c4 c5 2.Nf3 Nc6 3.Nc3 Nf6 4.g3 g6 5.Bg2 Bg7 6.O-O O-O 7.d4 d6 8.d5 Na5 9.Nd2
a6 10.Qc2 Rb8 11.b3 b5 12.Bb2 bxc4 13.bxc4 Bh6 14.f4 e5 15.dxe6 Bxe6 16.Nd5
Bxd5 17.cxd5 Ng4 18.Nb3 Nxb3 19.axb3 Qb6 20.Qc3 f6 21.Ra3 {#d} 1/2-1/2

[Event "Ch Germany (seniors) (team)"]
[Site "masterchessopen.com Germany"]
[Round "0"]
[White "Bernhoeft Erhard (GER)"]
[Black "Meyer Heinz-Dieter (GER)"]
[Result "1/2-1/2"]
[WhiteElo "1983"]
[BlackElo "2305"]

1.Nf3 Nf6 2.c4 g6 3.g3 Bg7 4.Bg2 d6 5.Nc3 O-O 6.O-O c5 7.d4 Nc6 8.d5 Na5 9.Qd3
Rb8 10.Bd2 Bd7 11.Rab1 b6 12.e4 a6 13.b4 cxb4 14.Rxb4 Nb7 15.e5 Ng4 16.exd6
exd6 17.Bf4 Bf5 18.Qd2 Nc5 19.h3 Ne5 20.Nxe5 dxe5 21.Be3 h5 22.Bxc5 bxc5
23.Ra4 Qd6 24.Ne4 Bxe4 25.Bxe4 Rb6 {#d} 1/2-1/2

[Event "Ch NRW"]
[Site "masterchessopen.com Muenster (Germany)"]
[Round "8"]
[White "Huster Markus (GER)"]
[Black "Molinaroli Martin (GER)"]
[Result "1/2-1/2"]
[WhiteElo "2208"]
[BlackElo "2245"]

1.d4 Nf6 2.Nf3 g6 3.g3 Bg7 4.Bg2 c5 5.c4 O-O 6.O-O d6 7.Nc3 Nc6 8.d5 Na5 9.Nd2
a6 10.Qc2 Rb8 11.b3 b5 12.Bb2 h5 13.Rab1 h4 14.Nce4 h3 15.Nxf6+ exf6 16.Bh1
Re8 17.Be4 f5 18.Bxg7 Kxg7 19.Qc3+ Qf6 20.Qxf6+ Kxf6 21.Bd3 {#d} 1/2-1/2

[Event "It (open)"]
[Site "masterchessopen.com Bad Wildungen (Germany)"]
[Round "8"]
[White "Fischer Roger (GER)"]
[Black "Kopp Peter Dr (GER)"]
[Result "1/2-1/2"]
[WhiteElo "2113"]
[BlackElo "2127"]

1.Nf3 c5 2.c4 Nf6 3.g3 g6 4.Bg2 Bg7 5.Nc3 Nc6 6.d4 O-O 7.O-O d6 8.d5 Na5 9.Nd2
a6 10.Qc2 Rb8 11.b3 b5 12.Rb1 e5 13.Bb2 Nh5 14.e3 f5 15.f4 exf4 16.gxf4 Bd7
17.Nd1 bxc4 18.bxc4 Bxb2 19.Nxb2 Qc7 20.Nd3 Rxb1 21.Rxb1 Rb8 22.Rxb8+ Qxb8
23.Qc3 Nb7 24.Bf3 {#d} 1/2-1/2

[Event "Ch IBCA (blindfold)"]
[Site "masterchessopen.com Brno (Czech Republic)"]
[Round "6"]
[White "Tatarczak Jan (POL)"]
[Black "Bischoff Dieter (GER)"]
[Result "1/2-1/2"]
[WhiteElo "2125"]
[BlackElo "2185"]

1.c4 g6 2.g3 Bg7 3.Bg2 d6 4.Nc3 Nf6 5.Nf3 O-O 6.d4 c5 7.O-O Nc6 8.d5 Na5 9.Nd2
a6 10.a4 Rb8 11.e4 Bd7 12.Qe2 e6 13.dxe6 fxe6 14.Ra3 Nc6 15.Nf3 Qe7 16.Bg5 h6
17.Bc1 e5 18.Nd5 Nxd5 19.exd5 Nd4 20.Nxd4 cxd4 21.a5 Rbe8 22.Be4 Bf5 23.Rb3
Rf7 24.Rb6 Rc8 {#d} 1/2-1/2

[Event "It (cat.3)"]
[Site "masterchessopen.com Budapest (Hungary)"]
[Round "2"]
[White "Heuer Thomas (GER)"]
[Black "Brustkern Juergen (GER)"]
[Result "1/2-1/2"]
[WhiteElo "2280"]
[BlackElo "2255"]

1.Nf3 Nf6 2.g3 g6 3.Bg2 Bg7 4.O-O O-O 5.c4 d6 6.d4 c5 7.Nc3 Nc6 8.d5 Na5 9.Nd2
a6 10.Qc2 Rb8 11.b3 b5 12.Bb2 Bh6 13.f4 bxc4 {#d} 1/2-1/2

[Event "Moravian League 1997/98"]
[Site "masterchessopen.com Czech Republic"]
[Round "6"]
[White "Saljova Silvie (CZE)"]
[Black "Skacelik Petr (CZE)"]
[Result "1/2-1/2"]
[WhiteElo "2142"]
[BlackElo "2206"]

1.d4 g6 2.c4 Bg7 3.Nc3 Nf6 4.g3 O-O 5.Bg2 d6 6.Nf3 c5 7.O-O Nc6 8.d5 Na5 9.Nd2
a6 10.e4 Rb8 11.Rb1 {#d} 1/2-1/2

[Event "It (open) \"]
[Site "masterchessopen.com Hawaii (USA)"]
[Round "6"]
[White "Saidy Anthony F (USA)"]
[Black "Gufeld Eduard (USA)"]
[Result "1/2-1/2"]
[WhiteElo "2380"]
[BlackElo "2465"]

1.d4 Nf6 2.c4 g6 3.g3 Bg7 4.Bg2 O-O 5.Nc3 d6 6.Nf3 c5 7.O-O Nc6 8.d5 Na5 9.Nd2
e5 10.a3 b6 11.b4 Nb7 12.Bb2 Ng4 13.h3 Nh6 14.e3 Bd7 15.Qc2 Nf5 16.Nce4 Rc8
17.Qd3 Qe7 18.Rab1 Nh6 19.f4 f5 20.Ng5 e4 21.Qe2 Bxb2 22.Rxb2 Kg7 23.Rfb1 Ng8
24.h4 Nf6 25.Nh3 {#d} 1/2-1/2

[Event "Ch Hungary (team) 1997/98 (2 liga)"]
[Site "masterchessopen.com Hungary"]
[Round "0"]
[White "Bugyinszki Istvan (HUN)"]
[Black "Horvath Tamas I (HUN)"]
[Result "1/2-1/2"]
[WhiteElo "2282"]
[BlackElo "2318"]

1.d4 Nf6 2.Nf3 g6 3.g3 Bg7 4.Bg2 O-O 5.O-O d6 6.c4 c5 7.Nc3 Nc6 8.d5 Na5 9.Nd2
Rb8 10.Rb1 a6 11.b3 b5 12.Qc2 e5 13.cxb5 axb5 {#d} 1/2-1/2